DSM-IV-TR: manual diagnóstico y estadístico de los trastornos mentales

Uloženo v:
Podrobná bibliografie
Hlavní autoři: López-Ibor Aliño, Juan José (autor), Valdés Miyar, Manuel (Autor)
Médium: Kniha
Jazyk:španělština
Vydáno: Barcelona Elsevier Masson 2002
Vydání:1a. ed
Edice:Bilioteca del DSM-IV-TR
Témata:
Tagy: Přidat tag
Žádné tagy, Buďte první, kdo vytvoří štítek k tomuto záznamu!

MARC

LEADER 00000cam a2200000 a 4500
001 UCI9647
003 CL-VaPUC
008 081128e20020000SP |||||||||||||||||spa|d
020 |a 9788445810873 
082 0 4 |a 616.89  |b LOP  |2 21 
100 |a López-Ibor Aliño, Juan José  |e autor  |9 533503 
700 0 |a Valdés Miyar, Manuel  |e author  |9 533504 
245 1 0 |a DSM-IV-TR: manual diagnóstico y estadístico de los trastornos mentales 
250 |a 1a. ed 
300 |a 1049 P 
942 |c BK 
945 |d 20081128 00:00:00  |a jtorresc 
260 |a Barcelona  |b Elsevier Masson  |c 2002 
650 7 |a ENFERMEDADES MENTALES DIAGNOSTICO  |2 CL-VaPUC  |9 330240 
650 0 |a Trastornos mentales  |9 307475 
583 |a last modification  |c 20120831 01:11:25  |k Rodrigo Vera 
490 0 |a Bilioteca del DSM-IV-TR 
999 |c 332141  |d 332139 
952 |0 0  |1 0  |4 0  |6 616_890000000000000_LOP_2002  |7 0  |8 R  |9 419567  |a BIBEDU  |b BIBEDU  |c MCIRC  |d 2019-11-22  |i 4500881  |o 616.89 LOP 2002  |p 4500881  |r 2023-01-13  |w 2019-11-22  |y BK_R  |k PSI 
952 |0 0  |1 0  |4 0  |6 616_890000000000000_LOP_2002  |7 0  |8 R  |9 419568  |a BIBEDU  |b BIBEDU  |c MCIRC  |d 2019-11-22  |i 4901061  |l 2  |o 616.89 LOP 2002  |p 4901061  |r 2023-01-13  |s 2022-05-20  |w 2019-11-22  |y BK_R  |k PSI